Score 0/6 Timer 10:00
0 Plays Today
Net Worth Shark % Correct
1 (4.3 Billion)Mark Cuban
100%
3 (300 Million)Daymond John
55.6%
2 (400 Million)Kevin O'Leary
33.3%
5 (100 Million)Lori Greiner
33.3%
4 (200 Million)Robert Herjavec
22.2%
6 (80 Million)Barbara Corcoran
22.2%
Remove Ads.
Support Sporcle.
Get the best of Sporcle when you Go Orange. This ad-free experience offers more features, more stats, and more fun while also helping to support Sporcle. Thank you for becoming a member.

You're not logged in!

Compare scores with friends on all Sporcle quizzes.
OR
Log In

Sporcle TV

Today on Sporcle TV


Watch our educational content, quiz creation guides, and fun videos on Sporcle TV.

Show Comments

Extras

Created May 14, 2020ReportNominate
Tags:net, richest, shark, tank, Worth

Top Quizzes Today


Score Distribution

Paid Content

Your Account Isn't Verified!

In order to create a playlist on Sporcle, you need to verify the email address you used during registration. Go to your Sporcle Settings to finish the process.

Report this User

Report this user for behavior that violates our Community Guidelines.

Details: